gatos - Statistiques

Statistiques générales
  • Ce quiz a été pris 52 fois
  • Le résultat moyen est 10 sur 14
Statistiques - réponses
Par images Réponse % Correct
europeo
100%
exotico
100%
korat
100%
persa
100%
ragdoll
100%
rex Cornish
100%
rex devon
100%
sphinx
100%
bosque de noruega
75%
siames
75%
van turco
75%
angora turco
67%
azul ruso
67%
himalayo
67%
main coon
67%
manx
67%
sagrado de birmania
67%
abisino
50%
bengali
50%
bobtail japones
50%
burmes
50%
chartreux
50%
fold escoses
50%
oriental
0%
Aucun quiz correspondant
Distribution des résultats
% des personnes avec chaque résultat
Percentile par nombre de réponses
Votre historique - résultats
Vous n’avez pas pris ce quiz